=LDR 00000nam 2200000 4500 =001 INLIS00000000000117 =005 20260702043538 =020 ##$$a 979-788-098-2 =082 ##$$a 745.594 =100 1#$$a Atika, Lusyanty S. =245 1 $$a Usaha Merias Hantaran Pengantin /$c Lusyanty Atika S. =300 ##$$a 68 hlm ; 15 x 23 cm